La farce, ou, La condition humaine post-tragique (Registro nro. 315849)
[ vista simple ]
| 000 -ENCABEZADO | |
|---|---|
| Número de control [NR] | 01023 a2200265 4500 |
| 005 - FECHA Y HORA DE LA ÚLTIMA TRANSACCIÓN | |
| control field | 20191112092126.0 |
| 008 - DE LONGITUD FIJA DE DATOS DE ELEMENTOS - INFORMACIÓN GENERAL | |
| Elementos de longitud fija [NR] | 191112s2019 fr ||||| |||| 00| 0 fre d |
| 020 ## - NUMERO INTERNACIONAL NORMALIZADO PARA LIBROS [R] | |
| Número Internacional Normalizado del libro [NR] | 9782810706204 |
| 040 ## - FUENTE DE CATALOGACION [NR] | |
| Agencia de catalogación original [NR] | CO-BoUCM |
| Idioma de catalogación [NR] | spa |
| Quien Cataloga | Saul Niño |
| Quien Clasifica | Saul Niño |
| 041 0# - CODIGO DE IDIOMA [R] | |
| Código de idioma para texto/pista de sonido o título separado [R] | Francés |
| 100 10 - ASIENTO PRINCIPAL--NOMBRE PERSONAL [NR] | |
| Nombre personal [NR] | Germanos Besson, Dina |
| Fechas asociadas con el nombre [NR] | 1978- |
| ID Autoridad | 99205 |
| 245 13 - MENCION DE TITULO [NR] | |
| Título [NR] | La farce, ou, La condition humaine post-tragique |
| Parte restante del título [NR] | que nous apprend le Liban du lien social contemporain? |
| 246 ## - FORMA VARIANTE DEL TITULO [R] | |
| Título propiamente dicho/forma breve del título [NR] | La farce, ou, La condition humaine post-tragique |
| Parte restante del título [NR] | que nous apprend le Liban du lien social contemporain |
| 260 ## - PUBLICACION, DISTRIBUCION, ETC. (PIE DE IMPRENTA) [R] | |
| Lugar de publicación, distribución, etc. [R] | Toulouse |
| Nombre del editor, distribuidor, etc. [R] | Universitaires du Midi |
| Fecha de publicación, distribución, etc. [R] | 2019 |
| 300 ## - DESCRIPCION FISICA [R] | |
| Extensión [R] | 238 páginas |
| 490 0# - MENCION DE SERIE [R] | |
| Mención de serie [R] | Psychanalyse & |
| 546 ## - NOTA DE IDIOMA [R] | |
| Nota de idioma [NR] | Texto en francés |
| 650 #7 - ASIENTO SECUNDARIO DE MATERIA - TERMINO TEMATICO [R] | |
| 9 (RLIN) | 17116 |
| Término temático o nombre geográfico como elemento de entrada [NR] | Identidad colectiva |
| 650 #7 - ASIENTO SECUNDARIO DE MATERIA - TERMINO TEMATICO [R] | |
| 9 (RLIN) | 17115 |
| Término temático o nombre geográfico como elemento de entrada [NR] | Identidad (Psicología) |
| Subdivisión general [R] | Aspectos sociales |
| 650 #7 - ASIENTO SECUNDARIO DE MATERIA - TERMINO TEMATICO [R] | |
| 9 (RLIN) | 22781 |
| Término temático o nombre geográfico como elemento de entrada [NR] | Psicoanálisis |
| 651 ## - ASIENTO SECUNDARIO DE MATERIA - NOMBRE GEOGRAFICO [R] | |
| Nombre geográfico [NR] | Líbano |
| Subdivisión general [R] | Condiciones sociales |
| 9 (RLIN) | 99206 |
| 700 10 - ASIENTO SECUNDARIO - NOMBRE PERSONAL [R] | |
| Nombre personal [NR] | Lamote, Thierry |
| 9 (RLIN) | 94853 |
| 942 ## - ELEMENTOS DE ENTRADA AGREGADOS (KOHA) | |
| Tipo de ítem principal el descrito en 300a | Libro |
| Sistema de clasificación | DEWEY |
| Tema principal | Psicología |
| Edición | 1 |
| Clasificación | 155.2 |
| Parte restante de la signatura top. | G373f |
| Total préstamos | Signatura topográfica | Código de barras | Última vez visto | Ejemplar | Costo de reposición | Price effective from | Tipo de ítem | Perdido | Sistema de clasificación | Dañado | No prestable | Tipo de ítem específico | Suprimido | Ubicación habitual | Ubicación actual | Localización | Fecha de creación | Proveedor | Forma de adquisición | Costo |
|---|---|---|---|---|---|---|---|---|---|---|---|---|---|---|---|---|---|---|---|---|
| 155.2 G373f | 100164872 | 05/12/2025 | Ej.1 | 134900.00 | 05/11/2019 | Libro | DEWEY | Libro | Claustro | Claustro | 2do piso | 05/11/2019 | 37 | Compra | 134900.00 |